Повести / (Record no. 279805)
[ view plain ]
| 000 -LEADER | |
|---|---|
| fixed length control field | 00598nam a2200193 u 4500 |
| 001 - CONTROL NUMBER | |
| control field | 000756284 |
| 003 - CONTROL NUMBER IDENTIFIER | |
| control field | AM-YeHGA |
| 005 - DATE AND TIME OF LATEST TRANSACTION | |
| control field | 20250617143701.0 |
| 008 - FIXED-LENGTH DATA ELEMENTS--GENERAL INFORMATION | |
| fixed length control field | 100823s1984 ||| r 000 0 rus d |
| 040 ## - CATALOGING SOURCE | |
| Original cataloging agency | AM-YeHGA |
| 041 1# - LANGUAGE CODE | |
| Language code of text/sound track or separate title | rus |
| Language code of original | eng |
| 090 ## - LOCALLY ASSIGNED LC-TYPE CALL NUMBER (OCLC); LOCAL CALL NUMBER (RLIN) | |
| -- | 281458 |
| 100 1# - MAIN ENTRY--PERSONAL NAME | |
| Personal name | Лондон, Джек |
| Dates associated with a name | 1876-1916. |
| 245 10 - TITLE STATEMENT | |
| Title | Повести / |
| Statement of responsibility, etc. | Джек Лондон. |
| 260 ## - PUBLICATION, DISTRIBUTION, ETC. | |
| Place of publication, distribution, etc. | Минск : |
| Name of publisher, distributor, etc. | Наука и техника, |
| Date of publication, distribution, etc. | 1984. |
| 300 ## - PHYSICAL DESCRIPTION | |
| Extent | 256 с. |
| 440 #0 - SERIES STATEMENT/ADDED ENTRY--TITLE | |
| Title | Библиотека отечественной и зарубежной классики |
| 653 0# - INDEX TERM--UNCONTROLLED | |
| Uncontrolled term | Собаки (х. л.) |
| Withdrawn status | Lost status | Damaged status | Not for loan | Collection | Home library | Current library | Date acquired | Total checkouts | Full call number | Barcode | Date last seen | Price effective from | Koha item type | Public note |
|---|---|---|---|---|---|---|---|---|---|---|---|---|---|---|
| General | Fundamental Scientific Library | Fundamental Scientific Library | 29/12/2016 | PII/530329 | FL0171482 | 29/12/2016 | 29/12/2016 | Գրքեր / Books | 30 Days Loan |
ՀՀ Գիտությունների ազգային ակադեմիայի հիմնարար գիտական գրադարան = Fundamental Scientific Library of NAS RA
All site content, except where otherwise noted, is licensed under a